Ethnomethodological sociology

Αποθηκεύτηκε σε:
Λεπτομέρειες βιβλιογραφικής εγγραφής
Άλλοι συγγραφείς: Coulter, Jeff (Επιμελητής έκδοσης)
Μορφή: Βιβλίο
Γλώσσα:English
Δημοσίευση: Great Britain : Edward Elgar, 1990
Σειρά:Schools of thought in sociology ; ; 6
Θέματα:
Ετικέτες: Προσθήκη ετικέτας
Δεν υπάρχουν, Καταχωρήστε ετικέτα πρώτοι!

MARC

LEADER 00000nam a2200000 i 4500
001 1/6164
008 960625s1990 eng d
020 |a 1-85278-150-5 
035 |l 10016259 
040 |a GR-MY-UA  |b gre  |e aacr 
041 0 |a eng 
082 0 |a 301.01 
245 1 0 |a Ethnomethodological sociology /  |c Edited by Jeff Coulter 
260 |a Great Britain :   |b Edward Elgar,   |c 1990 
300 |a 562 p. 
490 1 |a Schools of thought in sociology  |v ; 6 
500 |a Bibliography compiled by B.J. Fehr and Jeff Stetson with the assistance of Yoshifumi Mizukawa. 
504 |a Includes bibliographical references and index. 
650 0 0 |a Ethnomethodology. 
650 0 0 |a Sociology  |x Methodology. 
700 1 |a Coulter, Jeff.  |4 edt 
830 0 |a Schools of thought in sociology ;  |v ; 6 
852 |a INST  |b LESVOS  |e 19960625  |h 301.01 ETH  |p 005100009810  |q 005100009810  |t BK  |y 0 
909 |a Λ  |b 044143